Chinese society : (Record no. 49506)

MARC details
000 -LEADER
campo de control de longitud fija 02809cam a2200517 a 4500
001 - NÚMERO DE CONTROL
campo de control 51199
005 - FECHA Y HORA DE LA ÚLTIMA TRANSACCIÓN
campo de control 20230410115851.0
008 - DATOS DE LONGITUD FIJA--INFORMACIÓN GENERAL
campo de control de longitud fija 030117s2003 enka b 001 0 eng
010 ## - NÚMERO DE CONTROL DE LA BIBLIOTECA DEL CONGRESO
Número de control de LC 2003001261
035 ## - NÚMERO DE CONTROL DEL SISTEMA
Número de control de sistema (OCoLC)ocm51505505
040 ## - FUENTE DE CATALOGACIÓN
Centro catalogador/agencia de origen DLC
Centro/agencia transcriptor DLC
Centro/agencia modificador UKM
-- C#P
-- C@R
-- BAKER
-- NLGGC
-- BTCTA
-- YDXCP
015 ## - NÚMERO DE BIBLIOGRAFÍA NACIONAL
Número de bibliografía nacional GBA3-X5807
019 ## -
-- 55622425
020 ## - NÚMERO INTERNACIONAL ESTÁNDAR DEL LIBRO
Número Internacional Estándar del Libro 041530170X (hard cover)
020 ## - NÚMERO INTERNACIONAL ESTÁNDAR DEL LIBRO
Número Internacional Estándar del Libro 9780415301701 (hard cover)
020 ## - NÚMERO INTERNACIONAL ESTÁNDAR DEL LIBRO
Número Internacional Estándar del Libro 0415301696 (pbk)
020 ## - NÚMERO INTERNACIONAL ESTÁNDAR DEL LIBRO
Número Internacional Estándar del Libro 9780415301695 (pbk)
035 ## - NÚMERO DE CONTROL DEL SISTEMA
Número de control de sistema (OCoLC)51505505
Número de control cancelado/no válido (OCoLC)55622425
042 ## - CÓDIGO DE AUTENTICACIÓN
Código de autenticación pcc
043 ## - CÓDIGO DE ÁREA GEOGRÁFICA
Código de área geográfica a-cc---
050 14 - SIGNATURA TOPOGRÁFICA DE LA BIBLIOTECA DEL CONGRESO
Número de clasificación HN 733.5
Número de ítem C539 2003
082 00 - NÚMERO DE LA CLASIFICACIÓN DECIMAL DEWEY
Número de clasificación 306/.0951
245 00 - MENCIÓN DEL TÍTULO
Título Chinese society :
Resto del título change, conflict and resistance /
Mención de responsabilidad, etc. edited by Elizabeth J. Perry and Mark Selden.
250 ## - MENCION DE EDICION
Mención de edición 2nd ed.
260 ## - PUBLICACIÓN, DISTRIBUCIÓN, ETC.
Lugar de publicación, distribución, etc. London ; New York :
Nombre del editor, distribuidor, etc. RoutledgeCurzon,
Fecha de publicación, distribución, etc. 2003.
300 ## - DESCRIPCIÓN FÍSICA
Extensión xiv, 320 p. :
Otras características físicas ill. ;
Dimensiones 25 cm.
440 #0 - MENCIÓN DE SERIE/PUNTO DE ACCESO ADICIONAL--TÍTULO
Título Asia's transformations
504 ## - NOTA DE BIBLIOGRAFÍA, ETC.
Nota de bibliografía, etc. Includes bibliographical references and index.
505 0# - NOTA DE CONTENIDO CON FORMATO
Nota de contenido con formato Rights and resistance: the changing contexts of the dissident movement / Minxin Pei -- The revolution of resistance / Geremie R. Barme -- Pathways of labour insurgency / Ching Kwan Lee -- Contesting rural spaces: land disputes, customary tenure and the State / Peter Ho -- To the courts or to the barricades: can new political institutions manage rural conflict? / David Zweig -- Migration, hukou and resistance in reform China / Hein Mallee -- Gender, employment and women's resistance / Wang Zheng -- Domination, resistance and accommodation in China's one-child campaign / Tyrene White -- Environmental protests in rural China / Jing Jun -- Alter/Native Mongolian identity: from nationality to ethnic group -- Uradyn E. Bulag -- The new cybersects: resistance and repression in the reform era / Patricia M. Thornyon -- Chinese Christianity: indigenization and conflict / Richard Madsen -- Suicide as resistance in Chinese society / Sing Lee and Arthur Kleinman.
651 #0 - PUNTO DE ACCESO ADICIONAL DE MATERIA--NOMBRE GEOGRÁFICO
Nombre geográfico China
Subdivisión general Social conditions
Subdivisión cronológica 1976-2000.
651 #0 - PUNTO DE ACCESO ADICIONAL DE MATERIA--NOMBRE GEOGRÁFICO
Nombre geográfico China
Subdivisión general Social conditions
Subdivisión cronológica 2000-
651 #0 - PUNTO DE ACCESO ADICIONAL DE MATERIA--NOMBRE GEOGRÁFICO
Nombre geográfico China
Subdivisión general Politics and government
Subdivisión cronológica 1976-2002.
651 #0 - PUNTO DE ACCESO ADICIONAL DE MATERIA--NOMBRE GEOGRÁFICO
Nombre geográfico China
Subdivisión general Politics and government
Subdivisión cronológica 2002-
650 #4 - PUNTO DE ACCESO ADICIONAL DE MATERIA--TÉRMINO DE MATERIA
Término de materia o nombre geográfico como elemento de entrada China
Subdivisión general Condiciones sociales
Subdivisión cronológica 1976-
650 #4 - PUNTO DE ACCESO ADICIONAL DE MATERIA--TÉRMINO DE MATERIA
Término de materia o nombre geográfico como elemento de entrada China
Subdivisión general Política y gobierno
Subdivisión cronológica 1976-
700 1# - ENTRADA AGREGADA--NOMBRE PERSONAL
Nombre de persona Perry, Elizabeth J.
700 1# - ENTRADA AGREGADA--NOMBRE PERSONAL
Nombre de persona Selden, Mark.
856 42 - LOCALIZACIÓN Y ACCESO ELECTRÓNICOS
Materiales especificados Publisher description
Identificador Uniforme de Recursos <a href="http://www.loc.gov/catdir/enhancements/fy0650/2003001261-d.html">http://www.loc.gov/catdir/enhancements/fy0650/2003001261-d.html</a>
938 ## -
-- Baker and Taylor
-- BTCP
-- 2003001261
938 ## -
-- Baker & Taylor
-- BKTY
-- 150.00
-- 150.00
-- 041530170X
-- 0004150303
-- active
938 ## -
-- Baker & Taylor
-- BKTY
-- 45.95
-- 45.95
-- 0415301696
-- 0004150294
-- active
938 ## -
-- YBP Library Services
-- YANK
-- 1945542
942 ## - ELEMENTOS DE ENTRADA SECUNDARIOS (KOHA)
Fuente del sistema de clasificación o colocación Clasificación de Library of Congress
Tipo de ítem Koha
994 ## -
-- C0
-- DRFGD
946 ## - PROCESAMIENTO DE INFORMACIÓN LOCAL (OCLC)
a Lspaulino
Holdings
Estatus retirado Estado de pérdida Fuente del sistema de clasificación o colocación Estado de daño No para préstamo Colección Biblioteca de origen Biblioteca actual Ubicación en estantería Fecha de adquisición Serial enumeration / chronology Signatura topográfica completa Código de barras Visto por última vez Copia número Tipo de ítem Koha
    Clasificación de Library of Congress     Ciencias Sociales Biblioteca Juan Bosch Biblioteca Juan Bosch Ciencias Sociales (3er. Piso) 10/04/2023 1 HN 733.5 C539 2003 00000053429 24/10/2018 1